Kurs, diparitas dan pungutan²; (Record no. 85917)

MARC details
000 -LEADER
fixed length control field 00601cam a22002051 4500
001 - CONTROL NUMBER
control field sa 68014622
003 - CONTROL NUMBER IDENTIFIER
control field DLC
005 - DATE AND TIME OF LATEST TRANSACTION
control field 20260227112633.0
008 - FIXED-LENGTH DATA ELEMENTS--GENERAL INFORMATION
fixed length control field 890111s1966 io 000 0 ind
010 ## - LIBRARY OF CONGRESS CONTROL NUMBER
LC control number sa 68014622
035 ## - SYSTEM CONTROL NUMBER
System control number (OCoLC)23555561
040 ## - CATALOGING SOURCE
Original cataloging agency DLC
Transcribing agency MiU
Modifying agency DLC
043 ## - GEOGRAPHIC AREA CODE
Geographic area code a-io---
050 00 - LIBRARY OF CONGRESS CALL NUMBER
Classification number HG3883.I5
Item number S9
110 2# - MAIN ENTRY--CORPORATE NAME
Corporate name or jurisdiction name as entry element Subroto.
245 10 - TITLE STATEMENT
Title Kurs, diparitas dan pungutan²;
Remainder of title tjerita bersambung jang belum kelihatan achirnja.
260 ## - PUBLICATION, DISTRIBUTION, ETC.
Place of publication, distribution, etc. Djakarta,
Name of publisher, distributor, etc. Lembaga Ekonomi dan Kemsajarakatan Nasional,
Date of publication, distribution, etc. 1966.
300 ## - PHYSICAL DESCRIPTION
Extent 12 l.
Dimensions 26 cm.
650 #0 - SUBJECT ADDED ENTRY--TOPICAL TERM
Topical term or geographic name entry element Foreign exchange
Geographic subdivision Indonesia.

No items available.

Powered by Koha